|
|
|
|
| LEADER |
01177pam a22003618a 4500 |
| 001 |
00035827 |
| 005 |
20171026081025.0 |
| 008 |
170103s2016 ||||||Viesd |
| 020 |
# |
# |
|c 80000
|a 978 604 65 0046 9
|
| 041 |
0 |
# |
|a Vie
|
| 082 |
1 |
4 |
|a 650.1
|b M558B
|
| 100 |
1 |
# |
|a Napoleon , Hill
|
| 245 |
1 |
0 |
|a 13 nguyên tắc nghĩ giàu, làm giàu
|c Napoleon Hill; dịch:Thảo Triều;Hiệu định:Thanh Minh
|
| 246 |
0 |
1 |
|a Think and Grow rich
|
| 250 |
# |
# |
|a Tái bản lần 12
|
| 260 |
# |
# |
|a Hà Nội
|b Lao động
|c 2016
|
| 300 |
# |
# |
|a 400tr.
|c 24 cm.
|
| 490 |
# |
# |
|a Tủ sách V-Biz
|
| 500 |
# |
# |
|a Bản gốc, được phục hồi và chỉnh sửa
|
| 653 |
# |
# |
|a Bí quyết thành công
|
| 653 |
# |
# |
|a Kinh doanh
|
| 653 |
# |
# |
|a Làm giàu
|
| 700 |
1 |
# |
|a Thanh Minh
|e Hiệu đính
|
| 700 |
1 |
# |
|a Thảo Triều
|e Dịch
|
| 852 |
# |
# |
|b Kho mượn
|j KM.0020194, KM.0020195
|
| 852 |
# |
# |
|b Kho đọc
|j KD.0019317
|
| 852 |
# |
# |
|j KD.0019317
|j KM.0020194
|j KM.0020195
|
| 910 |
0 |
# |
|d 03/01/2017
|
| 980 |
# |
# |
|a Trung tâm Học liệu Lê Vũ Hùng, Trường Đại học Đồng Tháp
|